A mediação e a conciliação de demandas repetitivas : (Record no. 727)

MARC details
000 -LÍDER
Campo Fixo de Controle 00774nam a2200217 a 4500
001 - NÚMERO DE CONTROLE
Campo de Controle 727
003 - IDENTIFICAÇÃO DO NÚMERO DE CONTROLE
Campo de Controle BR-CuiBMT
005 - DATA E HORA DA ÚLTIMA ATUALIZAÇÃO
Campo de Controle 20231114205113.0
008 - DADOS FIXOS
Dados Fixos 231114s2020 mgb 000 0 por d
020 ## - INTERNATIONAL STANDARD BOOK NUMBER
Nº do ISBN 9788545007111
040 ## - AGÊNCIA CATALOGADORA
Código da Agência Catalogadora BR-CuiBMT
Agência que transcreveu o registro BR-CuiBMT
080 ## - Nº DA CLASSIFICAÇÃO DECIMAL UNIVERSAL
Nº edição CDU 2007
Nº Class. CDU 347.925
090 ## - NÚMERO DE CHAMADA
Nº classificação 347.925
Cutter A839m
100 1# - ENTRADA PRINCIPAL -- AUTOR PESSOAL
Nome pessoal Asperti, Maria Cecilia de Araujo
245 #2 - TÍTULO PRINCIPAL
Título principal A mediação e a conciliação de demandas repetitivas :
Subtítulo os meios consensuais de resolução de disputas e os grandes litigantes do judiciário /
Indicação de responsabilidade Maria Cecilia de Araujo Asperti ; prefácio, Carlos Alberto de Salles
260 ## - PUBLICAÇÃO, DISTRIBUIÇÃO, ETC.
Local de publicação Belo Horizonte :
Editora Fórum,
Data 2020.
300 ## - DESCRIÇÃO FÍSICA
N. páginas ou volumes 210 p.:
Dimensões 21 cm
650 ## - ASSUNTO TÓPICO
Cabeçalho tópico ou nome geográfico Conciliação
Subdivisão de forma Processo civil
650 ## - ASSUNTO TÓPICO
Cabeçalho tópico ou nome geográfico Direito processual civil
942 ## - ELEMENTOS DE ENTRADA ADICIONAIS (KOHA)
Fonte de classificação ou esquema de arquivamento Classificação Decimal Universal
Tipo de item do Koha Livros
Holdings
Estado: removido Estado: perdido Fonte de classificação ou esquema de arquivamento Estado: danificado Indisponível para empréstimo Localização permanente Localização atual Data de aquisição Total Checkouts Número de Chamada completo Código de barras Date last seen Número do exemplar Preço efetivo a partir de Tipo de item (Koha)
    Classificação Decimal Universal     Biblioteca da Escola Superior de Contas do TCE/MT Biblioteca da Escola Superior de Contas do TCE/MT 14/11/2023   347.925 A839m BIBTCEMT23110580 14/11/2023 Ex. 1 14/11/2023 Livros
    Classificação Decimal Universal     Biblioteca da Escola Superior de Contas do TCE/MT Biblioteca da Escola Superior de Contas do TCE/MT 14/11/2023   347.925 A839m BIBTCEMT23110581 14/11/2023 Ex. 2 14/11/2023 Livros

Powered by Koha